000 00606nam a2200181 i 4500
001 150782
003 ES-MaACL
005 20250822063210.0
007 t|
008 071112s1968 sp |||| | spa d
100 1 _aFuentes Quintana, Enrique,
_d1924-2007
_952942
245 1 0 _aHacienda pública
_b: introducción y apéndices sobre teoría especial del impuesto /
_cEnrique Fuentes Quintana.
260 _aMadrid :
_b[s.n.,
_c1968] (
_fImp. Burotel)
300 _a111 p. ;
_c28 cm.
650 1 4 _aHacienda pública-
_zEspaña.
_913281
852 _aES-MaACL
_jC-35769
999 _c150782
_d150782